00453nam a2200157Ia 45000010006000000050017000060080041000230410008000640820018000721000027000902450125001172600009002423000028002516500008002796540008002871993720260306172729.0260306t2023||||xx |||||||||||||| ||spa|| aESP a341.4IAbA174 aAshley, Kevin D.,eAUT 0aInteligencia artificial y analítica jurídica :bnuevas herramientas para la práctica del derecho en la era digital c2023 a618 páginas :c24 cm. aGEN aCDE